[Event "2nd Krk Golden Island Open 2014"]
[Site "Malinska CRO"]
[Date "2014.04.06"]
[Round "1.4"]
[White "Cvitan,Ena"]
[Black "Cvitan,O"]
[Result "0-1"]
[WhiteElo "1652"]
[BlackElo "2524"]

1.d4 Nf6 2.c4 c5 3.d5 e6 4.Nc3 exd5 5.cxd5 d6 6.Nf3 g6 7.e4 Bg7 8.Bd3 a6
9.a4 Bg4 10.h3 Bxf3 11.Qxf3 O-O 12.O-O Nbd7 13.Re1 Ne5 14.Qe2 Nxd3 15.Qxd3 Nd7
16.Bf4 Be5 17.Bh6 Re8 18.Bd2 Rc8 19.f4 c4 20.Qc2 Bg7 21.Be3 Qa5 22.Bf2 Nc5
23.Bxc5 Qxc5+ 24.Kh2 b5 25.axb5 axb5 26.Ra5 Rb8 27.Rea1 Qe3 28.Rxb5 Qxf4+
29.g3 Qf3 30.Rxb8 Rxb8 31.Rd1 Be5 32.Rg1 h5 33.Qg2 Bxg3+ 34.Qxg3 Rxb2+ 35.Rg2 Rxg2+
36.Qxg2 Qxc3  0-1

[Event "2nd Krk Golden Island Open 2014"]
[Site "Malinska CRO"]
[Date "2014.04.09"]
[Round "6.6"]
[White "Kljako,D"]
[Black "Monjac,M"]
[Result "1/2-1/2"]
[WhiteElo "2202"]
[BlackElo "2137"]

1.d4 Nf6 2.c4 e6 3.Nf3 c5 4.d5 d6 5.Nc3 exd5 6.cxd5 g6 7.e4 Bg7 8.Be2 O-O
9.O-O Bg4 10.Nd2 Bxe2 11.Qxe2 a6 12.a4 Nbd7 13.Nc4 Nb6 14.Ne3 Qe7 15.a5 Nbd7
16.Nc4 Ne8 17.Bd2  1/2-1/2

[Event "TCh-CZE Zapad 2013-14"]
[Site "Ceske Budejovice CZE"]
[Date "2014.04.13"]
[Round "11.8"]
[White "Novak,Rad"]
[Black "Blazek,Ji1"]
[Result "0-1"]
[WhiteElo "2136"]
[BlackElo "2171"]

1.d4 Nf6 2.c4 c5 3.d5 e6 4.Nc3 exd5 5.cxd5 d6 6.Nf3 g6 7.Nd2 Bg7 8.Nc4 O-O
9.Bf4 Ne8 10.Qd2 b6 11.Nb5 Ba6 12.a4 Bxb5 13.axb5 Nd7 14.e4 Ne5 15.Na3 f5
16.exf5 gxf5 17.Be2 Nf6 18.f3 Qd7 19.O-O Rae8 20.Rfe1 Kh8 21.Nb1 Rg8 22.Nc3 Qf7
23.Kh1 Qg6 24.Rg1 Nh5 25.g4 fxg4 26.Bxe5 Bxe5 27.Rxg4 Qf5 28.Raa4 Nf6 29.Rxg8+ Rxg8
30.Qe3 Nxd5 31.Qf2 Nf4 32.Bf1 Bd4 33.Qh4 Rg1+  0-1

[Event "8th ch-SRB 2014"]
[Site "Subotica SRB"]
[Date "2014.04.14"]
[Round "8.5"]
[White "Nestorovic,De"]
[Black "Indjic,A"]
[Result "0-1"]
[WhiteElo "2422"]
[BlackElo "2523"]

1.d4 Nf6 2.c4 c5 3.d5 e6 4.Nc3 exd5 5.cxd5 d6 6.Nf3 g6 7.Nd2 Bg7 8.e4 O-O
9.Be2 Nbd7 10.O-O Re8 11.a4 Ne5 12.Qc2 Bg4 13.f3 Bc8 14.f4 Neg4 15.Nc4 Nxe4
16.Nxe4 Bd4+ 17.Kh1 Nxh2 18.g3 Nxf1 19.Bxf1 Bf5 20.Ncd2 Rxe4 21.Nxe4 Qe7
22.Bd3 Re8  0-1

[Event "14th BCC Open 2014"]
[Site "Bangkok THA"]
[Date "2014.04.18"]
[Round "8.2"]
[White "Barbosa,O PHI"]
[Black "Atalik,S"]
[Result "1-0"]
[WhiteElo "2580"]
[BlackElo "2562"]

1.d4 Nf6 2.c4 e6 3.Nf3 c5 4.d5 d6 5.Nc3 exd5 6.cxd5 g6 7.Bf4 Bg7 8.Qa4+ Bd7
9.Qb3 b5 10.Bxd6 c4 11.Qa3 Qb6 12.Bc5 Qb7 13.Bd4 b4 14.Ne4 bxa3 15.Nd6+ Kf8
16.Nxb7 axb2 17.Bxb2 Nxd5 18.Ne5 c3 19.Ba3+ Kg8 20.O-O-O Nb6 21.Nxd7 N8xd7
22.e3 Ne5 23.Rd4 h5 24.h3 Nc6 25.Re4 a5 26.Bc5 Rb8 27.Ba6 Nb4 28.Rxb4 axb4
29.Bxb6 g5 30.Bd4 Bxd4 31.exd4 Rh6 32.Nc5 Rd8 33.Rd1 Rhd6 34.Be2 Rxd4 35.Nb3 Rxd1+
36.Bxd1 Ra8 37.Kb1 Re8 38.Kc2 Re1 39.Nc1 Rg1 40.Bf3 g4 41.hxg4 hxg4 42.Bc6 Re1
43.Bd7 g3 44.fxg3 Re3 45.Bc6 Rxg3 46.Bf3 Rg6 47.Nd3 Rb6 48.g4 Ra6 49.Bd5 Rg6
50.Nxb4 Rxg4 51.Kxc3 Rg3+ 52.Nd3 Kf8 53.a4 Ke7 54.a5 Kd6 55.Bxf7 Kc6 56.Bc4 Rg5
57.Kb4 Rh5 58.Nf4 Rg5 59.Nd5 Rg1 60.Nc3 Rg4 61.Na4 Kb7 62.Kb5 Rg5+ 63.Nc5+ Ka7
64.Bd3 Rh5 65.Kc6 Rh1 66.Ne4 Rd1 67.Bc4 Ra1 68.Kb5 Rb1+ 69.Kc5 Ra1 70.Kb4 Rb1+
71.Bb3 Ka6 72.Nc5+ Ka7 73.Ne6 Ka6 74.Nd4 Rb2 75.Ka4 Rb1 76.Bc4+ Ka7 77.Nc6+ Kb7
78.Nb4 Ra1+ 79.Kb5 Rb1 80.Bd3 Rb2 81.Bc2 Kc7 82.Ka4  1-0

[Event "60th ch-WLS 2014"]
[Site "Cardiff WLS"]
[Date "2014.04.19"]
[Round "4.5"]
[White "Sands,D"]
[Black "Turner,Jos"]
[Result "1/2-1/2"]
[WhiteElo "2226"]
[BlackElo "2011"]

1.d4 Nf6 2.c4 c5 3.d5 e6 4.Nc3 exd5 5.cxd5 d6 6.Nf3 g6 7.Qa4+ Bd7 8.Qb3 Qc7
9.e4 Bg7 10.Bd3 O-O 11.O-O a6 12.a4 b6 13.Re1 Bc8 14.h3 Nbd7 15.Be3 Re8 16.Nd2 h6
17.Rac1 Ne5 18.Bf1 g5 19.Ne2 b5 20.axb5 axb5 21.Ng3 Bd7 22.Bd4 Qa5 23.Bc3 Qa4
24.Qxa4 Rxa4 25.b3 Ra2 26.Ra1 Rc2 27.Rec1 Rxc1 28.Rxc1 Ng6 29.Ra1 b4 30.Bxf6 Bxf6
31.Ra7 Ne5 32.Be2 Rd8 33.Ngf1 g4 34.hxg4 Bxg4 35.f3 Bh5 36.Kf2 c4 37.Ra2 c3
38.Nc4 Nxc4 39.Bxc4 Bd4+ 40.Ke2 Bg6 41.Kd3 Bc5 42.Ng3 h5 43.Ne2 h4 44.Nf4 Bh7
45.Nh5 f5 46.Nf6+ Kg7 47.Nxh7 fxe4+ 48.fxe4 Kxh7 49.Re2 Ra8 50.e5 dxe5 51.Rxe5 Ra1
52.Re2 Rd1+ 53.Kc2 Rd4 54.Bd3+ Kh6 55.Re4 Rxd5 56.Rxh4+ Kg5 57.Re4  1/2-1/2

[Event "Pobeskydi Open 2014"]
[Site "Frydek-Mistek CZE"]
[Date "2014.04.20"]
[Round "7.9"]
[White "Kraus,To"]
[Black "Vavrinec,T"]
[Result "1-0"]
[WhiteElo "2326"]
[BlackElo "2002"]

1.d4 Nf6 2.c4 c5 3.d5 e6 4.Nc3 exd5 5.cxd5 d6 6.Nf3 g6 7.Bf4 a6 8.a4 Bg7
9.h3 O-O 10.e3 Qe7 11.Be2 Nbd7 12.O-O b6 13.Re1 Ne8 14.Bf1 Nc7 15.e4 Ne5
16.Nd2 Bd7 17.Be3 g5 18.Be2 b5 19.Qc1 h6 20.Nf1 b4 21.Nd1 f5 22.f3 Qe8 23.Qc2 Qg6
24.Rc1 Rae8 25.Nf2 Kh8 26.exf5 Bxf5 27.Qb3 h5 28.Ng3 Bd7 29.Nd3 c4 30.Nxe5 Bxe5
31.Rxc4 Nxd5 32.Bf2 Nf4 33.Rxb4 g4 34.fxg4 hxg4 35.Bxg4 Bxg4 36.hxg4 Qxg4
37.Rb7 Rg8 38.Qf7 Qh4 39.Re4 Ref8 40.Qh5+ Qxh5 41.Nxh5 Rxg2+ 42.Kf1 Rxf2+
43.Kxf2 Nxh5+ 44.Ke1 Nf6 45.Rc4 Re8 46.Kd1 Nd5 47.Rc6 Ra8 48.a5 Kg8 49.Kc2 Kf8
50.Kd3 Nf4+ 51.Kc4 Ne6 52.Rbb6 Ke7 53.b4 Rh8 54.Rb7+ Kf6 55.Rxa6 Rh4+ 56.Kb3 Nd4+
57.Ka4 Rh1 58.b5 Ra1+ 59.Kb4 Rb1+ 60.Kc4 Ke6 61.Rab6 Rc1+ 62.Kd3 Kd5 63.a6 Nb3
64.a7 Rc3+ 65.Ke2 Ke4 66.a8=Q Nd4+ 67.Kd2 Nb3+ 68.Ke1 Bg3+ 69.Kf1 Nd2+ 70.Kg2  1-0

[Event "Paskturneringen Open 2014"]
[Site "Norrkoping SWE"]
[Date "2014.04.20"]
[Round "6.7"]
[White "Cederstam-Barsk,Carl"]
[Black "Hedman,E"]
[Result "1-0"]
[WhiteElo "2245"]
[BlackElo "2374"]

1.d4 Nf6 2.c4 c5 3.d5 e6 4.Nc3 exd5 5.cxd5 d6 6.Nf3 g6 7.Bf4 a6 8.a4 Bg7
9.e3 O-O 10.h3 Re8 11.Nd2 Nbd7 12.Be2 Ne5 13.O-O Nfd7 14.Re1 f5 15.Bh2 Qf6
16.f4 Nf7 17.Bd3 Qd8 18.Qc2 Nf6 19.Kh1 b6 20.Re2 Ra7 21.Rae1 Rae7 22.Bg3 Qc7
23.Bh4 Bb7 24.e4 fxe4 25.Ndxe4 Nxe4 26.Nxe4 Bxd5 27.Bxe7 Rxe7 28.Nc3 Rxe2
29.Rxe2 Bc6 30.Be4 Bxc3 31.Qxc3 d5 32.Bxd5  1-0

[Event "ch-Europe Small Nations zt 1.10 2014"]
[Site "Larnaka CYP"]
[Date "2014.04.23"]
[Round "3.2"]
[White "Maccapani,M"]
[Black "Berg,O"]
[Result "0-1"]
[WhiteElo "2054"]
[BlackElo "2306"]

1.d4 Nf6 2.c4 e6 3.Nf3 c5 4.d5 exd5 5.cxd5 d6 6.Nc3 Qe7 7.h3 g6 8.Bf4 a6
9.a4 Bg7 10.e3 O-O 11.Be2 Nbd7 12.O-O b6 13.Qb3 Bb7 14.Nd2 Rfb8 15.Rfd1 Ne8
16.e4 Bc8 17.Bf1 Bd4 18.Ne2 Bg7 19.Nc3 Ra7 20.Re1 Qf8 21.Nf3 Ne5 22.Nxe5 dxe5
23.Be3 Qd6 24.Rad1 Bd7 25.Bc1 b5 26.axb5 axb5 27.Ne2 b4 28.Qg3 Nf6 29.Qh4 Ba4
30.Rd3 Bc2 31.Re3 Nh5 32.g4 Nf4 33.Nxf4 exf4 34.Rf3 Be5 35.Qh6 Ra1 36.Bc4 Rba8
37.Kf1 Bxe4 38.Rxf4 Bxf4 39.Bxf4 Rxe1+ 40.Kxe1 Ra1+ 41.Kd2 Qf6  0-1

[Event "Queima das Fitas Open 2014"]
[Site "Coimbra POR"]
[Date "2014.04.26"]
[Round "4.2"]
[White "Pinho,P"]
[Black "Butkiewicz,L"]
[Result "0-1"]
[WhiteElo "2233"]
[BlackElo "2424"]

1.d4 Nf6 2.c4 c5 3.d5 e6 4.Nc3 exd5 5.cxd5 d6 6.Nf3 g6 7.Bf4 a6 8.e4 b5 9.Be2 Bg7
10.e5 dxe5 11.Nxe5 O-O 12.O-O Re8 13.Re1 Ra7 14.Nxg6 hxg6 15.Bxb8 Rae7 16.d6 Re6
17.Bc7 Qd7 18.Kf1 Bb7 19.Qc2 Bc6 20.Rad1 b4 21.Nb1 Rxe2 22.Rxe2 Rxe2  0-1

[Event "Marcel Sisniega Mem 2014"]
[Site "Cuernavaca MEX"]
[Date "2014.04.30"]
[Round "2.3"]
[White "Diaz Rosas,J"]
[Black "Ortiz Suarez,I"]
[Result "1-0"]
[WhiteElo "2231"]
[BlackElo "2604"]

1.d4 Nf6 2.c4 e6 3.Nf3 c5 4.d5 exd5 5.cxd5 d6 6.Nc3 g6 7.g3 Bg7 8.Bg2 O-O
9.O-O Re8 10.Bf4 a6 11.a4 h6 12.Qc1 g5 13.Bd2 Bf5 14.h4 g4 15.Ne1 Kh7 16.Bf4 Nh5
17.e4 Bg6 18.f3 gxf3 19.Bxf3 Nxf4 20.Qxf4 h5 21.Qd2 Nd7 22.Ng2 Rg8 23.Nf4 Bh6
24.Bg2 Ne5 25.Qe2 Qe7 26.Nd1 Ng4 27.Nf2 Bxf4 28.Nxg4 Be5 29.Nxe5 Qxe5 30.Rf4 Rae8
31.Qf2 Re7 32.Kh2 Rge8 33.Rf6 Kg7 34.Rf1 b5 35.axb5 axb5 36.Rf4 c4 37.Qd2 Rc7
38.Rf5 c3 39.bxc3 Qxc3 40.Qg5 b4 41.R1f3 Qd4 42.R3f4 Qb2 43.Rf2 Qc3 44.R2f3 Qd4
45.R3f4 b3 46.e5 Rxe5 47.Qf6+ Kh7 48.Rxh5+ Rxh5 49.Qxd4 Rc2 50.Rf2 Re5 51.Rxc2 bxc2
52.Qd2 Kg8 53.Bf3 Re7 54.h5 Rc7 55.Qc1 Bd3 56.Bg4 f6 57.Be6+ Kg7 58.h6+ Kf8
59.g4 Rb7 60.Qf4 Ke7 61.Bf5 Bxf5 62.gxf5 Rc7 63.h7 Rc8 64.Qh6 Re8 65.h8=Q  1-0

[Event "ch-ROU 2014"]
[Site "Targu Mures ROU"]
[Date "2014.04.30"]
[Round "6.28"]
[White "Meleg,Victor"]
[Black "Dulman,E"]
[Result "0-1"]
[WhiteElo "1754"]
[BlackElo "2067"]

1.d4 Nf6 2.c4 e6 3.Nf3 c5 4.d5 exd5 5.cxd5 d6 6.Nc3 g6 7.e4 Bg7 8.Be2 O-O
9.h3 Re8 10.Bg5 h6 11.Bxf6 Bxf6 12.Nd2 Nd7 13.O-O a6 14.a4 b6 15.Qc2 Rb8
16.Rfe1 Bg7 17.Bg4 Qf6 18.Bxd7 Bxd7 19.Qd3 b5 20.axb5 axb5 21.Ra7 Red8 22.Nf3 b4
23.Nd1 Bb5 24.Qb1 Re8 25.b3 Qd8 26.g3 Ra8 27.Rxa8 Qxa8 28.Ne3 Qa6 29.Ng4 h5
30.Ne3 Bd3 31.Qd1 Rxe4 32.Nc4 Rxe1+ 33.Qxe1 Bxc4 34.Qe8+ Bf8 35.bxc4 Qxc4
36.Nh4 Qxd5 37.Nxg6 fxg6 38.Qxg6+ Bg7 39.g4 hxg4 40.hxg4 Qe5 41.Kg2 b3 42.f4 Qxf4
43.Qe8+ Kh7 44.Qh5+ Bh6 45.Kh3  0-1

[Event "ch-ROU 2014"]
[Site "Targu Mures ROU"]
[Date "2014.04.30"]
[Round "6.40"]
[White "Dobrin,C"]
[Black "Toma,Mih"]
[Result "0-1"]
[WhiteElo "1839"]
[BlackElo "1897"]

1.d4 Nf6 2.c4 c5 3.d5 e6 4.Nf3 exd5 5.cxd5 d6 6.Nc3 g6 7.Bf4 Bg7 8.Qa4+ Bd7
9.Qb3 Qc7 10.e4 O-O 11.Nd2 Nh5 12.Be3 a5 13.Be2 a4 14.Qd1 a3 15.Qc2 axb2
16.Qxb2 b5 17.a3 b4 18.axb4 Rxa1+ 19.Qxa1 cxb4 20.O-O Bxc3 21.Qb1 f5 22.Bxh5 gxh5
23.Bh6 Rf6 24.Bg5 Rg6 25.Nf3 Qc8 26.Bf4 fxe4 27.Qxe4 Bf5 28.Qe2 Qd8 29.Nh4 Qxh4
30.Qe8+ Kg7 31.Bg3 Qe4 32.Qxb8 Qxd5 33.Qc7+ Kh8 34.h4 Qc5 35.Qd8+ Rg8 36.Be5+  0-1

[Event "Marcel Sisniega Mem 2014"]
[Site "Cuernavaca MEX"]
[Date "2014.05.02"]
[Round "6.3"]
[White "Otero Acosta,D"]
[Black "Sanchez Enriquez,O"]
[Result "1-0"]
[WhiteElo "2481"]
[BlackElo "2410"]

1.d4 Nf6 2.c4 e6 3.Nf3 c5 4.d5 exd5 5.cxd5 d6 6.Nc3 g6 7.g3 Bg7 8.Bg2 O-O
9.O-O Re8 10.Nd2 a6 11.a4 Nbd7 12.Nc4 Ne5 13.Nxe5 Rxe5 14.h3 Rb8 15.e4 Re8
16.f4 Nd7 17.g4 b5 18.axb5 axb5 19.e5 dxe5 20.f5 e4 21.Nxe4 Bd4+ 22.Kh1 Rxe4
23.Bxe4 Bb7 24.fxg6 hxg6 25.Bf4 Nf6 26.Bg2 Nxd5 27.Bxb8 Ne3 28.Bxb7 Nxd1
29.Ra8 Ne3 30.Rf3 Kh7  1-0

[Event "Marcel Sisniega Mem 2014"]
[Site "Cuernavaca MEX"]
[Date "2014.05.02"]
[Round "6.6"]
[White "Miranda Llanes,Y"]
[Black "Ortiz Suarez,I"]
[Result "1/2-1/2"]
[WhiteElo "2229"]
[BlackElo "2604"]

1.d4 Nf6 2.c4 e6 3.Nc3 c5 4.d5 exd5 5.cxd5 d6 6.Nf3 g6 7.Bf4 a6 8.a4 Bg7
9.h3 O-O 10.e3 Ne8 11.Be2 Nd7 12.O-O Ne5 13.Nd2 Rb8 14.a5 Nc7 15.Bh2 f5 16.Qb3 Bd7
17.Bxe5 Bxe5 18.Nc4 Qe7 19.Na4 f4 20.exf4 Bd4 21.Nab6 Bb5 22.Qf3 Qh4 23.g4 Rf7
24.Bd3 Rbf8 25.f5 gxf5 26.Bxf5 h5 27.Ra3 Rg7 28.Kg2 Qg5 29.Kh2 hxg4 30.hxg4 Bxb2
31.Re3 Bd4 32.Re4 Rf6 33.Rfe1 Kh8 34.Qg3 Qh6+ 35.Qh3 Bxf2 36.R1e2 Bh4 37.Re7 Rxe7
38.Rxe7 Qf4+ 39.Kh1 Rh6 40.Rh7+ Rxh7 41.Bxh7 Qf2 42.Bf5 Nxd5 43.Nxd5 Qe1+
44.Kh2 Bxc4 45.Ne3 Kg7 46.Nxc4 Qf2+ 47.Kh1 Qe1+ 48.Kh2 Qe2+ 49.Kh1 Qe1+ 50.Kh2 Qf2+
51.Kh1 Qe1+ 52.Kh2 Qf2+ 53.Kh1 Kf6 54.Qc3+ Kg5 55.Qc1+ Qf4 56.Qxf4+ Kxf4
57.Nxd6 Ke5 58.Nxb7 c4 59.Kg2 Be1 60.Kf3 Bb4 61.Bc2 Be7 62.Be4 c3 63.Bc2 Kd5
64.Ba4 Bg5 65.Bc2 Be7 66.Kf4 Kc6 67.Be4+ Kc7 68.Kf5 c2 69.Bxc2 Kxb7 70.Be4+ Kc7
71.g5 Bxg5 72.Kxg5 Kd6  1/2-1/2

[Event "ch-EST 2014"]
[Site "Tallinn EST"]
[Date "2014.05.03"]
[Round "8.5"]
[White "Ladva,O"]
[Black "Jezov,Roman"]
[Result "1-0"]
[WhiteElo "2353"]
[BlackElo "2235"]

1.d4 Nf6 2.c4 c5 3.d5 e6 4.Nc3 exd5 5.cxd5 d6 6.Nf3 g6 7.Nd2 Bg7 8.e4 O-O
9.Be2 Re8 10.O-O Nbd7 11.Re1 a6 12.a4 Rb8 13.h3 Qc7 14.Ra3 h6 15.Qc2 c4 16.a5 Nc5
17.Bxc4 b5 18.axb6 Rxb6 19.Bf1 Rb4 20.Na2 Rb7 21.Rae3 Bd7 22.b3 Rc8 23.Ba3 Qb8
24.Qd1 a5 25.Nc1 Bb5 26.Bxb5 Rxb5 27.Nc4 Nfd7 28.Qe2 Bf8 29.Bb2 Nxb3 30.Rxb3 Rxb3
31.Nxb3 Qxb3 32.Nxa5 Qc2 33.Nc6 Qxe2 34.Rxe2 Re8 35.f3 f5 36.Kf2 fxe4 37.fxe4 Kf7
38.Bd4 Be7 39.Rb2 Bf6 40.Rb7 Bxd4+ 41.Nxd4 Rxe4 42.Rxd7+ Ke8 43.Rxd6 Rxd4
44.Rxg6 Rxd5 45.Rxh6 Kf7 46.Ra6 Rd3 47.h4 Kg7 48.g3 Rb3 49.Kg2 Rc3 50.Kh3 Rc4
51.h5 Kh7 52.g4 Rc1 53.Kh4 Rc5 54.Ra7+ Kh8 55.h6 Rb5 56.g5 Rb8 57.Kh5 Rc8
58.Rf7 Kg8 59.g6 Ra8 60.h7+  1-0

[Event "TCh-CRO Final 2014"]
[Site "Bol na Bracu CRO"]
[Date "2014.05.14"]
[Round "1.1"]
[White "Kozul,Z"]
[Black "Bozinovic,Bog"]
[Result "1/2-1/2"]
[WhiteElo "2595"]
[BlackElo "2256"]

1.d4 Nf6 2.Nf3 c5 3.d5 e6 4.c4 exd5 5.cxd5 d6 6.Nc3 g6 7.Nd2 Nbd7 8.e4 Bg7
9.Be2 O-O 10.O-O Re8 11.Qc2 Ne5 12.a4 a5 13.Ra3 Ned7 14.Nc4 Nb6 15.Ne3 h5
16.Rb3 Bd7 17.Nc4 Nxa4 18.f3 Nxc3 19.bxc3 Ba4 20.Ne3 Bxb3 21.Qxb3 a4 22.Qa3 Qa5
23.Nc4 Qa6 24.Qb2 a3 25.Nxa3 Qxa3 26.Qxa3 Rxa3 27.Bxa3 Nxd5 28.Bb5 Ra8 29.exd5 Rxa3
30.c4 Bd4+  1/2-1/2

[Event "TCh-CRO Final 2014"]
[Site "Bol na Bracu CRO"]
[Date "2014.05.14"]
[Round "1.6"]
[White "Martic,Z"]
[Black "Vargic,D"]
[Result "1/2-1/2"]
[WhiteElo "2303"]
[BlackElo "2315"]

1.d4 e6 2.Nf3 Nf6 3.c4 c5 4.d5 exd5 5.cxd5 d6 6.Nc3 g6 7.e4 a6 8.Bd3 Bg7
9.h3 O-O 10.O-O b5 11.Re1 b4 12.Na4 Ra7 13.a3 a5 14.Bf4 Re8 15.Nd2 Nh5 16.Bh2 Be5
17.Bxe5 Rxe5 18.Nc4 Rg5 19.Qf3 Nd7 20.b3 Ne5 21.Nxe5 Rxe5 22.axb4 axb4 23.Nb2 Ree7
24.Nc4 Ba6 25.Na5 Bxd3 26.Nc6 Rxa1 27.Rxa1 Bxe4 28.Qe3 Qe8 29.Nxe7+ Qxe7
30.f3 Qe5 31.Ra8+ Kg7 32.Qxe4 Qg3 33.Qe7 Kh6 34.Qxf7  1/2-1/2

[Event "TCh-CRO Final 2014"]
[Site "Bol na Bracu CRO"]
[Date "2014.05.15"]
[Round "3.1"]
[White "Kozul,Z"]
[Black "Sale,S"]
[Result "1/2-1/2"]
[WhiteElo "2595"]
[BlackElo "2410"]

1.d4 Nf6 2.Nf3 e6 3.c4 c5 4.d5 d6 5.Nc3 exd5 6.cxd5 g6 7.Bf4 a6 8.a4 Bg7
9.e4 Bg4 10.Be2 O-O 11.O-O Re8 12.Nd2 Bxe2 13.Qxe2 Nh5 14.Be3 Nd7 15.g4 Nhf6
16.f3 Rc8 17.Kh1 Ne5 18.g5 Nh5 19.f4 Nd7 20.a5 h6 21.gxh6 Bxh6 22.Nc4 Qe7
23.Qf3 Bg7 24.Rae1 Rcd8 25.Bd2 Bd4 26.e5 dxe5 27.f5 Qh4 28.Re4 Nf4 29.Bxf4 exf4
30.Rxf4 Qh5 31.Qg3 g5 32.Ne4 Rxe4 33.Rxe4 Nf6 34.Ree1 Nxd5 35.f6 Nxf6 36.Nd6 Qh4
37.Qxh4 gxh4 38.Nxb7 Rd5 39.Rf4 Kg7 40.Rd1 Rd7 41.Rxf6 Kxf6 42.Nxc5 Rd5 43.b4 Ke5
44.Nxa6 Bc3 45.Rb1 h3 46.Kg1 Rd2 47.Nb8 Kd6 48.b5 Bd4+ 49.Kh1 Be5 50.Nc6 Rxh2+
51.Kg1 Rg2+ 52.Kh1 Rh2+  1/2-1/2

[Event "Iasi Open 2014"]
[Site "Iasi ROU"]
[Date "2014.05.15"]
[Round "6.14"]
[White "Manolache,M"]
[Black "Varaciuc,V"]
[Result "1-0"]
[WhiteElo "2510"]
[BlackElo "2179"]

1.d4 e6 2.c4 Nf6 3.Nc3 c5 4.d5 exd5 5.cxd5 d6 6.Nf3 a6 7.a4 Be7 8.h3 O-O
9.e4 Re8 10.Bd3 Nbd7 11.O-O Rb8 12.Re1 Qc7 13.b3 Bf8 14.Bf1 g6 15.Bd2 Bg7
16.Rc1 Qb6 17.Bc4 Nh5 18.g4 Nhf6 19.Kg2 Qd8 20.Bg5 h6 21.Bh4 Qa5 22.Re3 h5
23.Nh2 hxg4 24.hxg4 Ne5 25.Be2 Ned7 26.Bg3 Bf8 27.g5 Nh7 28.Ng4 Ne5 29.Nh6+ Bxh6
30.gxh6 Qd8 31.f4 Nd7 32.Bf3 g5 33.Bh5 gxf4 34.Qg4+  1-0

[Event "Liburnija Open 2014"]
[Site "Rijeka CRO"]
[Date "2014.05.25"]
[Round "6.9"]
[White "Zrilic,B"]
[Black "Vrhovnik,D"]
[Result "0-1"]
[WhiteElo "1933"]
[BlackElo "2114"]

1.d4 Nf6 2.c4 c5 3.d5 e6 4.Nf3 exd5 5.cxd5 d6 6.Nc3 g6 7.Bf4 a6 8.e4 Nh5
9.Bg5 f6 10.Be3 b5 11.h3 Be7 12.Bh6 Kf7 13.g4 Ng7 14.Bg2 Re8 15.Be3 Nd7 16.O-O Kg8
17.Qd2 Bf8 18.Qc2 Ra7 19.b4 Rc7 20.bxc5 Nxc5 21.Nd4 Bd7 22.Rac1 f5 23.exf5 gxf5
24.Nc6 Qh4 25.Bxc5 dxc5 26.f3 Bd6 27.Qf2 Bg3 28.Qxc5 Bf4 29.Nd1 Qg3  0-1

[Event "32nd Liechtenstein Open"]
[Site "Triesen LIE"]
[Date "2014.05.25"]
[Round "3.3"]
[White "Kessler,L"]
[Black "Van der Weide,K"]
[Result "1-0"]
[WhiteElo "2255"]
[BlackElo "2449"]

1.d4 Nf6 2.c4 c5 3.d5 e6 4.Nc3 exd5 5.cxd5 d6 6.Nf3 g6 7.Bf4 a6 8.a4 Bg7
9.h3 O-O 10.e3 Qe7 11.Be2 Nbd7 12.O-O b6 13.Re1 Bb7 14.Bf1 Ne4 15.Qb3 f5
16.Rad1 h6 17.Nd2 Nxd2 18.Rxd2 g5 19.Bh2 Rae8 20.f4 Qd8 21.fxg5 f4 22.gxh6 Bd4
23.Qc2 Kh8 24.exd4 Rxe1 25.dxc5 Nxc5 26.Rf2 Qg5 27.Qd2 Qe7 28.Bxf4 Nb3 29.Qd3 Nc5
30.Qd4+ Qf6 31.Qxf6+ Rxf6 32.Be5  1-0

[Event "32nd Liechtenstein Open"]
[Site "Triesen LIE"]
[Date "2014.05.29"]
[Round "7.10"]
[White "Mann,Johannes"]
[Black "Womacka,M"]
[Result "1/2-1/2"]
[WhiteElo "1979"]
[BlackElo "2446"]

1.d4 Nf6 2.c4 e6 3.Nf3 c5 4.d5 exd5 5.cxd5 d6 6.Nc3 g6 7.g3 Bg7 8.Bg2 O-O
9.O-O Nbd7 10.a4 a6 11.Nd2 Ne8 12.Nc4 Ne5 13.Nxe5 Bxe5 14.f4 Bg7 15.e4 f5
16.Re1 fxe4 17.Nxe4 Nf6 18.Ng5 Ng4 19.Bf3 Bd4+ 20.Kg2 Nf2 21.Qe2 Qxg5 22.fxg5 Bh3+
23.Kg1 Ng4+ 24.Kh1 Nf2+ 25.Kg1 Ng4+ 26.Kh1 Nf2+ 27.Kg1  1/2-1/2

[Event "41st OKU Open A 2014"]
[Site "Maarssen NED"]
[Date "2014.05.31"]
[Round "2.16"]
[White "Rosmuller,A"]
[Black "Laan,Jorick"]
[Result "1-0"]
[WhiteElo "2102"]
[BlackElo "1776"]

1.d4 Nf6 2.Nf3 c5 3.d5 e6 4.c4 exd5 5.cxd5 d6 6.Nc3 g6 7.e4 Bg7 8.Bb5+ Bd7
9.a4 a6 10.Be2 Ng4 11.Bf4 O-O 12.h3 Ne5 13.Nxe5 dxe5 14.Be3 Qc8 15.Qb3 f5
16.f3 Be8 17.a5 Kh8 18.O-O f4 19.Bf2 Rf6 20.Rfc1 Bf8 21.Na4 Nd7 22.Qc3 g5
23.Nxc5 Qb8 24.Ne6 Bd6 25.b4 Bf7 26.Nc7 Bxc7 27.Qxc7 Qe8 28.b5 Rh6 29.bxa6 bxa6
30.Rab1 Nf8 31.Rb7 Bg6 32.Qe7 Qa4 33.Qg7+  1-0

[Event "7th Mayors Cup 2014"]
[Site "Mumbai IND"]
[Date "2014.06.03"]
[Round "3.24"]
[White "Rajesh,VA"]
[Black "Praveen Kumar,C1"]
[Result "1-0"]
[WhiteElo "2403"]
[BlackElo "2246"]

1.d4 Nf6 2.c4 c5 3.d5 e6 4.Nc3 exd5 5.cxd5 d6 6.Nf3 g6 7.Bf4 Bg7 8.Qa4+ Bd7
9.Qb3 Qc7 10.h3 O-O 11.e3 a6 12.a4 h6 13.Nd2 g5 14.Bh2 Bf5 15.Nc4 Ne8 16.Qb6 Qc8
17.Bxd6 Nd7 18.Qb3 b5 19.axb5 axb5 20.Rxa8 Qxa8 21.Nxb5 Nxd6 22.Nbxd6 Bg6
23.Be2 Qxd5 24.O-O Rb8 25.Qa4 Ne5 26.Rd1 Qc6 27.Qa7 Rd8 28.Na5 Qa4 29.Qxc5 Nd3
30.Qb6 Ra8 31.Nb3 Nxb2 32.Rc1 Nd3 33.Bxd3 Bxd3 34.Nc5 Qa3 35.Nxd3 Qxd3 36.Nxf7 Qa3
37.Rc7 Qa1+ 38.Kh2 Ra6 39.Qb3  1-0

[Event "Baltic zt Ilyumzhinov Cup 2014"]
[Site "Liepaja LAT"]
[Date "2014.06.08"]
[Round "4.6"]
[White "Ladva,O"]
[Black "Jezov,Roman"]
[Result "1/2-1/2"]
[WhiteElo "2381"]
[BlackElo "2235"]

1.d4 Nf6 2.c4 c5 3.d5 e6 4.Nc3 exd5 5.cxd5 d6 6.Nf3 g6 7.Nd2 Bg7 8.e4 O-O
9.Be2 Re8 10.O-O Nbd7 11.Re1 Ne5 12.a4 g5 13.Nf1 g4 14.Ng3 h6 15.Qc2 Bd7
16.Bb5 c4 17.Be3 a6 18.Bxd7 Qxd7 19.a5 h5 20.Qd2 h4 21.Nf5 h3 22.Nxg7 Kxg7
23.Bh6+ Kh7 24.Qg5 Rg8 25.Qh4 Rg6 26.Bf4+ Kg7 27.Bxe5 dxe5 28.Nd1 g3 29.Qxh3 gxh2+
30.Kh1 Qxh3 31.gxh3 Rg1+ 32.Rxg1+ hxg1=Q+ 33.Kxg1 Nxe4 34.Ne3 Nd6 35.Ra4 Rc8
36.Rb4 Kf6 37.Ng4+ Kf5 38.Kg2 Ke4 39.Ne3 Rg8+ 40.Kf1 Kd3 41.Ng4 Kd4 42.Rb6 Rg6
43.Ne3 Kc5 44.f3 Rh6 45.Kg2 f5 46.h4 Rh5 47.Kh3 f4 48.Nd1 Rh8 49.Nc3 Nf5
50.h5 Ng3 51.Kg4 Nxh5 52.d6 Ng3 53.d7 Rg8+ 54.Kh4 Nf5+ 55.Kh3 Nd6 56.Na4+ Kd5
57.Nc3+ Kc5 58.Kh4 Nf5+ 59.Kh5 Ng3+ 60.Kh4 Nf5+ 61.Kh3 Nd6 62.Na4+ Kd5 63.Kh4 Nf5+
64.Kh5 Ng3+ 65.Kh4 Nf5+ 66.Kh3 Nd6 67.Nc3+ Kc5  1/2-1/2

[Event "Early Bird Rating 2014"]
[Site "St Petersburg RUS"]
[Date "2014.06.10"]
[Round "4.8"]
[White "Bondarenko,Ivan"]
[Black "Timirev,Sergey"]
[Result "1-0"]
[WhiteElo "1900"]
[BlackElo "1803"]

1.d4 Nf6 2.c4 c5 3.d5 e6 4.Nc3 exd5 5.cxd5 d6 6.Nf3 g6 7.Nd2 a6 8.a4 Bg7
9.Nc4 O-O 10.g3 Re8 11.Bg2 Bf5 12.f3 h6 13.O-O g5 14.e4 Bg6 15.Be3 Qe7 16.h3 Nbd7
17.Qd2 Rad8 18.Rae1 Qf8 19.Bf2 Nh5 20.a5 Ne5 21.Ne3 c4 22.Rb1 Rc8 23.b3 cxb3
24.Rxb3 Nc4 25.Nxc4 Rxc4 26.Ne2 Qe7 27.g4 Nf6 28.Rfb1 Rc7 29.Bb6 Rc4 30.Bd4 Rc7
31.R1b2 Rec8 32.Rb6 Ne8 33.Bxg7 Kxg7 34.Qb4 Qd7 35.Rxb7 Rxb7 36.Qxb7 Qxb7
37.Rxb7 Rc5 38.Rb8 Kf8 39.Ra8 Rxa5 40.Nc3 Ra3 41.Nb5 Ra1+ 42.Kh2 Ke7 43.Nd4 Ra2
44.Nc6+ Kd7 45.Rd8+  1-0

[Event "Baltic zt Ilyumzhinov Cup 2014"]
[Site "Liepaja LAT"]
[Date "2014.06.12"]
[Round "11.4"]
[White "Laurusas,T"]
[Black "Jezov,Roman"]
[Result "1-0"]
[WhiteElo "2426"]
[BlackElo "2235"]

1.d4 Nf6 2.c4 c5 3.d5 e6 4.Nc3 exd5 5.cxd5 d6 6.Nf3 g6 7.Nd2 Bg7 8.e4 Nbd7
9.Be2 O-O 10.O-O Re8 11.Re1 Ne5 12.Nf1 c4 13.a4 Nfg4 14.h3 Nf6 15.Be3 Qe7
16.Nd2 Nh5 17.f4 Nd3 18.Bxd3 cxd3 19.Qf3 b6 20.g4 Nf6 21.Bd4 Ba6 22.b4 Nxd5
23.Bxg7 Nxb4 24.Bd4 Bb7 25.Rab1 Nc2 26.Qxd3 Nxe1 27.Rxe1 f6 28.Nf3 Qf7 29.f5 g5
30.h4 h5 31.hxg5 hxg4 32.g6 Qg7 33.Qc4+  1-0

[Event "TCh-SUI 2014"]
[Site "Switzerland SUI"]
[Date "2014.06.15"]
[Round "4.4"]
[White "Sutter,O"]
[Black "Kurmann,O"]
[Result "1/2-1/2"]
[WhiteElo "2342"]
[BlackElo "2416"]

1.d4 Nf6 2.c4 c5 3.d5 e6 4.Nc3 exd5 5.cxd5 d6 6.Nf3 g6 7.Nd2 Bg7 8.e4 O-O
9.Be2 Na6 10.O-O Ne8 11.Nc4 f5 12.exf5 Bxf5 13.Bf4 Rb8 14.Qd2 b5 15.Bg5 Nf6
16.Ne3 Bd7  1/2-1/2

[Event "XVII Rhein-Main-Open 2014"]
[Site "Bad Homburg GER"]
[Date "2014.06.19"]
[Round "3.39"]
[White "Willnecker,Olaf"]
[Black "Schramm,M"]
[Result "1/2-1/2"]
[WhiteElo "1771"]
[BlackElo "2024"]

1.d4 Nf6 2.c4 e6 3.Nf3 c5 4.d5 exd5 5.cxd5 d6 6.Nc3 g6 7.h3 Bg7 8.Bf4 O-O
9.e3 a6 10.a4 b6 11.Bd3 Re8 12.O-O Qc7 13.Nd2 Nbd7 14.Nc4 Ne5 15.Bxe5 dxe5
16.e4 Rb8 17.Ne3 Nh5 18.Be2 Nf4 19.Bg4 h5 20.Bxc8 Rexc8 21.Rb1 b5 22.axb5 axb5
23.b3 Bf8 24.Ne2 c4 25.bxc4 bxc4 26.Rxb8 Rxb8 27.Nxf4 exf4 28.d6 Qc6 29.d7 Be7
30.Nd5 Bg5 31.Qd4 Rd8 32.Rc1 Qxd7  1/2-1/2